| 000 | 00679nam a2200217 a 4500 | ||
|---|---|---|---|
| 001 | 000030803 | ||
| 003 | DO-SdBNP | ||
| 005 | 20220728085953.0 | ||
| 007 | ta | ||
| 008 | 110530s1929 dr 000 0 spa d | ||
| 040 |
_aDO-SdBNP _bspa _cBNPHU |
||
| 082 |
_axxxx _bR969c |
||
| 100 |
_aRusso, Guiseppe _957354 |
||
| 245 | 1 | 0 |
_aCurso de apicultura / _cGuiseppe Russo. |
| 260 |
_aSanto Domingo : _bSecretaría de Estado de Agricultura y Comercio, _bImprenta de J.R. Vda. García _c1929. |
||
| 300 |
_a23 p. ; _c23 cm. |
||
| 590 | _aInventariado, 2022/ YL | ||
| 590 | _aPerteneció a la biblioteca personal de Carlos Larrazábal Blanco. | ||
| 910 | _aYLockward | ||
| 942 |
_2ddc _cLF2 |
||
| 999 |
_c30295 _d30295 |
||